[Event "US Open-117"]
[Site "Indianapolis"]
[Date "2016.08.05"]
[Round "7"]
[White "Tiglon, Bryce"]
[Black "Kelly, Joey M"]
[Result "1-0"]
[WhiteElo "2310"]
[BlackElo "1991"]
[PlyCount "97"]
[EventDate "2016.07.30"]
[EventType "swiss"]
[EventRounds "9"]
[EventCountry "USA"]
[SourceTitle "CBM 173 Extra"]
[Source "ChessBase"]
[SourceDate "2016.08.29"]
[SourceVersion "1"]
[SourceVersionDate "2016.08.29"]
[SourceQuality "1"]

1. e4 c5 2. Nf3 Nc6 3. d4 cxd4 4. Nxd4 Nf6 5. Nc3 d6 6. Bg5 Bd7 7. Qd2 Rc8 8. 0-0-0 Nxd4 9. Qxd4 Qa5 10. Bd2 a6 11. Kb1 Qc5 12. Qxc5 Rxc5 13. Be2 g6 14. Be3 Rc8 15. Bd4 e5 16. Be3 Ng4 17. Ba7 Be7 18. Nd5 Be6 19. f3 Bxd5 20. Rxd5 Nf6 21. Rd3 0-0 22. Rhd1 Nh5 23. Rb3 Rc7 24. Bb6 Rd7 25. g3 Nf6 26. Bf1 Ne8 27. c4 Ng7 28. Bh3 f5 29. g4 Rc8 30. gxf5 gxf5 31. Rg1 Kf7 32. Rxg7+ Kxg7 33. Bxf5 Rdc7 34. Bxc8 Rxc8 35. Bf2 Rc7 36. Rc3 Bg5 37. Kc2 Kf6 38. c5 dxc5 39. Rxc5 Rd7 40. Bg3 Re7 41. Rd5 h5 42. h4 Be3 43. Rd6+ Kf7 44. Kd3 Bc1 45. b3 Re6 46. Rd7+ Kf6 47. Rxb7 Rd6+ 48. Kc4 Rd4+ 49. Kc3 1-0

[Event "Chicago op 25th"]
[Site "Chicago"]
[Date "2016.05.27"]
[Round "3"]
[White "Santarius, Erik F"]
[Black "Kelly, Joey M"]
[Result "1-0"]
[WhiteElo "2302"]
[BlackElo "2070"]
[PlyCount "99"]
[EventDate "2016.05.26"]
[EventType "swiss"]
[EventRounds "9"]
[EventCountry "USA"]
[SourceTitle "CBM 172 Extra"]
[Source "ChessBase"]
[SourceDate "2016.06.21"]
[SourceVersion "1"]
[SourceVersionDate "2016.06.21"]
[SourceQuality "1"]

1. e4 c5 2. Nf3 Nc6 3. Bb5 g6 4. Bxc6 dxc6 5. d3 Bg7 6. h3 e5 7. 0-0 f6 8. Be3 b6 9. Nc3 Nh6 10. a3 Be6 11. b4 cxb4 12. axb4 0-0 13. Qd2 Nf7 14. Ra6 Nd6 15. Rfa1 Nc8 16. b5 Bd7 17. d4 cxb5 18. dxe5 Bc6 19. Qe2 Bb7 20. R6a2 fxe5 21. Qxb5 Kh8 22. Rd1 Qc7 23. Nd5 Qc6 24. Qd3 Rd8 25. Ng5 Nd6 26. Ne6 Rd7 27. Nxg7 Nxe4 28. c4 Nf6 29. Bg5 Rf8 30. Bxf6 Rxf6 31. Qc3 Rxg7 32. Rxa7 Re6 33. Ne3 h6 34. Qd2 Kh7 35. Qd8 Re8 36. Qh4 Rf8 37. Ra2 Rf4 38. Qg3 Rd4 39. Rb1 Qe6 40. Rab2 Rf4 41. Rxb6 Qe7 42. Rxb7 Qxb7 43. Rxb7 Rxb7 44. Nd5 Rxc4 45. Qxe5 h5 46. Nf6+ Kh6 47. g4 hxg4 48. hxg4 Rc6 49. g5+ Kg7 50. Nd7+ 1-0

[Event "Southwest Class-ch 7th"]
[Site "Dallas"]
[Date "2016.02.15"]
[Round "9"]
[White "Xie, Tianming"]
[Black "Kelly, Joey M"]
[Result "1/2-1/2"]
[WhiteElo "1988"]
[BlackElo "2016"]
[PlyCount "100"]
[EventDate "2016.02.11"]
[EventType "swiss"]
[EventRounds "9"]
[EventCountry "USA"]
[SourceTitle "EXT 2018"]
[Source "ChessBase"]
[SourceDate "2017.10.13"]
[SourceVersion "1"]
[SourceVersionDate "2017.10.13"]
[SourceQuality "1"]

1. Nf3 Nf6 2. c4 e6 3. g3 d5 4. Bg2 dxc4 5. Qa4+ c6 6. Qxc4 b5 7. Qb3 Bb7 8. 0-0 a6 9. a4 b4 10. d4 Nbd7 11. Rd1 Qb6 12. Nbd2 Be7 13. Nc4 Qa7 14. Na5 0-0 15. Nd2 Rac8 16. Nxb7 Qxb7 17. Nc4 Qa7 18. e4 Rfd8 19. a5 e5 20. dxe5 Ng4 21. Nd6 Qxf2+ 22. Kh1 Nc5 23. Nxc8 Nxb3 24. Nxe7+ Kf8 25. Rxd8+ Kxe7 26. Bg5+ f6 27. exf6+ gxf6 28. Rad1 Qa7 29. R1d7+ Qxd7 30. Rxd7+ Kxd7 31. Bf4 Nxa5 32. Bh3 h5 33. Bf1 Nb3 34. Bxa6 Nc5 35. Be2 Nf2+ 36. Kg2 Nfd3 37. Be3 Kd6 38. Bxc5+ Nxc5 39. Bxh5 Ke5 40. Be8 Nd3 41. Bxc6 Nxb2 42. h4 b3 43. Bd5 f5 44. Bxb3 Kxe4 45. h5 Ke5 46. h6 Kf6 47. h7 Kg7 48. Bg8 Nd3 49. Be6 f4 50. g4 Ne5 1/2-1/2

[Event "Pan American-ch U14"]
[Site "Oaxtepec"]
[Date "2014.07.15"]
[Round "8"]
[White "Santiago Vilca, Christian Amilca"]
[Black "Kelly, Joey M"]
[Result "1-0"]
[WhiteElo "1632"]
[BlackElo "1861"]
[PlyCount "85"]
[EventDate "2014.07.11"]
[EventType "swiss"]
[EventRounds "9"]
[EventCountry "MEX"]
[SourceTitle "EXT 2022"]
[Source "ChessBase"]
[SourceDate "2021.10.06"]
[SourceVersion "1"]
[SourceVersionDate "2021.10.06"]
[SourceQuality "1"]

1. d4 d5 2. c4 e6 3. Nf3 c6 4. Nc3 Nf6 5. Bg5 Nbd7 6. e3 Qa5 7. cxd5 Nxd5 8. Qd2 Bb4 9. Rc1 f6 10. Bh4 0-0 11. Bd3 Re8 12. 0-0 e5 13. e4 Nf4 14. Bc4+ Kh8 15. Bg3 Nb6 16. Bb3 exd4 17. Bxf4 dxc3 18. bxc3 Ba3 19. Rce1 Bg4 20. Nd4 Rad8 21. Bc7 Rd7 22. Bxb6 axb6 23. Qf4 Bh5 24. Re3 Bg6 25. Rfe1 Bd6 26. Qg4 Rde7 27. f4 f5 28. Qxg6 Bxf4 29. Rh3 Bh6 30. Rxh6 gxh6 31. Qf6+ Rg7 32. Nxf5 Qe5 33. Qxe5 Rxe5 34. Nxg7 Kxg7 35. Kf2 b5 36. Ke3 c5 37. Bd5 b6 38. Kf4 Rh5 39. h3 Kf6 40. Rb1 Rg5 41. g3 b4 42. cxb4 c4 43. Bxc4 1-0

[Event "Pan American-ch U14"]
[Site "Oaxtepec"]
[Date "2014.07.14"]
[Round "6"]
[White "Perez Carvajal, Ernesto Geosva"]
[Black "Kelly, Joey M"]
[Result "0-1"]
[WhiteElo "1625"]
[BlackElo "1861"]
[PlyCount "94"]
[EventDate "2014.07.11"]
[EventType "swiss"]
[EventRounds "9"]
[EventCountry "MEX"]
[SourceTitle "EXT 2022"]
[Source "ChessBase"]
[SourceDate "2021.10.06"]
[SourceVersion "1"]
[SourceVersionDate "2021.10.06"]
[SourceQuality "1"]

1. d4 d5 2. c4 e6 3. Nc3 c6 4. Nf3 Nf6 5. Bg5 Nbd7 6. e3 Qa5 7. Qc2 Ne4 8. Bf4 Bb4 9. Rc1 Qxa2 10. Bd3 Nxc3 11. bxc3 Qxc2 12. Rxc2 Ba5 13. Ke2 dxc4 14. Bxc4 Nb6 15. Bb3 Nd5 16. Bxd5 cxd5 17. Ra1 Bb6 18. Rb2 Bd8 19. Nd2 b6 20. c4 Bb7 21. c5 Bc6 22. Rc1 b5 23. Nb3 a5 24. Na1 Kd7 25. Nc2 Bc7 26. Bxc7 Kxc7 27. Ra1 b4 28. Kd2 Rhb8 29. f4 f6 30. g3 Be8 31. h4 Bg6 32. Kd1 Kc6 33. Kd2 Bxc2 34. Kxc2 e5 35. Kb3 exd4 36. exd4 Re8 37. Ka4 Re3 38. Rb3 Rxb3 39. Kxb3 Kb5 40. Rc1 a4+ 41. Ka2 Re8 42. Kb2 Re2+ 43. Rc2 a3+ 44. Kb1 Re6 45. f5 Re8 46. c6 b3 47. c7 bxc2+ 0-1

[Event "Pan American-ch U14"]
[Site "Oaxtepec"]
[Date "2014.07.12"]
[Round "2"]
[White "Real Pereyra, Jeronimo"]
[Black "Kelly, Joey M"]
[Result "1-0"]
[WhiteElo "1694"]
[BlackElo "1861"]
[PlyCount "57"]
[EventDate "2014.07.11"]
[EventType "swiss"]
[EventRounds "9"]
[EventCountry "MEX"]
[SourceTitle "EXT 2022"]
[Source "ChessBase"]
[SourceDate "2021.10.06"]
[SourceVersion "1"]
[SourceVersionDate "2021.10.06"]
[SourceQuality "1"]

1. d4 d5 2. Nc3 Nf6 3. Bg5 e6 4. e4 dxe4 5. Nxe4 Be7 6. Bxf6 Bxf6 7. Nf3 Be7 8. Bd3 Nd7 9. c3 b6 10. Qc2 Bb7 11. 0-0-0 g6 12. g4 f5 13. gxf5 exf5 14. Ned2 Nf6 15. h3 0-0 16. Rhg1 Kh8 17. Ng5 Qd7 18. Nc4 Nd5 19. Qd2 Bd6 20. Ne5 Bxe5 21. dxe5 Qa4 22. Kb1 Qf4 23. Qxf4 Nxf4 24. Bc4 Bc6 25. Rd4 Be4+ 26. Ka1 h6 27. Nf7+ Rxf7 28. Bxf7 Bc6 29. Rxf4 1-0

[Event "Toronto NAYCC U12"]
[Site "Toronto"]
[Date "2013.08.16"]
[Round "5"]
[White "Shen, Christopher Y"]
[Black "Kelly, Joey M"]
[Result "0-1"]
[WhiteElo "2018"]
[BlackElo "1936"]
[PlyCount "152"]
[EventDate "2013.08.14"]
[EventType "swiss"]
[EventRounds "9"]
[EventCountry "CAN"]
[SourceTitle "EXT 2022"]
[Source "ChessBase"]
[SourceDate "2021.10.06"]
[SourceVersion "1"]
[SourceVersionDate "2021.10.06"]
[SourceQuality "1"]

1. e4 c5 2. Nc3 Nc6 3. g3 g6 4. Bg2 Bg7 5. d3 d6 6. f4 e6 7. Nf3 Nge7 8. 0-0 0-0 9. Be3 Rb8 10. e5 dxe5 11. Nxe5 Nd4 12. Ne2 Nef5 13. Bf2 b6 14. c3 Nxe2+ 15. Qxe2 Bb7 16. Nc6 Bxc6 17. Bxc6 Qc7 18. Bg2 Rfe8 19. g4 Nh6 20. Bg3 f5 21. g5 Nf7 22. Rad1 Rbd8 23. Qe3 e5 24. fxe5 Bxe5 25. Bxe5 Rxe5 26. Qf4 Qe7 27. d4 cxd4 28. cxd4 Re2 29. h4 Rxb2 30. Rc1 Qe2 31. Bf3 Qd2 32. Qxd2 Rxd2 33. d5 Ne5 34. Bg2 Kf8 35. Rc7 Rd7 36. Rc8+ Ke7 37. Re1 Kd6 38. Re8 Nd3 39. R1e6+ Kc7 40. Rc6+ Kb7 41. Rc3 Nf4 42. Bf3 Nxd5 43. Re5 a5 44. Rb3 Ka7 45. Rb5 Nc3 46. Re8 Rd8 47. Re7+ R2d7 48. Rbe5 Kb8 49. R5e6 Na4 50. Bc6 Rd1+ 51. Kf2 Nc5 52. Re1 R8d2+ 53. Kf3 Rd3+ 54. Kg2 Rxe1 55. Rxe1 Kc7 56. Bb5 Rd2+ 57. Kf3 Ne4 58. Rc1+ Kd6 59. a4 Nc5 60. Ke3 Rh2 61. Rc4 Ke5 62. Be8 Rh3+ 63. Ke2 f4 64. Bf7 Rxh4 65. Kf3 Rh3+ 66. Kg4 Rg3+ 67. Kh4 Kf5 68. Rd4 Rg4+ 69. Kh3 Rxg5 70. Be8 Rg3+ 71. Kh2 Rd3 72. Bd7+ Ke5 73. Rxd3 Nxd3 74. Kg2 Nc5 75. Bb5 g5 76. Kf3 Kf5 0-1

[Event "North American op 31st"]
[Site "Stillwater"]
[Date "2012.05.28"]
[Round "7"]
[White "Carlson, Martin"]
[Black "Kelly, Joey M"]
[Result "0-1"]
[WhiteElo "1849"]
[BlackElo "1799"]
[PlyCount "48"]
[EventDate "2012.05.26"]
[EventType "swiss"]
[EventRounds "8"]
[EventCountry "USA"]
[SourceTitle "CBM 148 Extra"]
[Source "ChessBase"]
[SourceDate "2012.06.22"]
[SourceVersion "1"]
[SourceVersionDate "2012.06.22"]
[SourceQuality "1"]

1. d4 d5 2. c4 e6 3. Nf3 Nf6 4. g3 c6 5. Bg2 Nbd7 6. 0-0 Bd6 7. Qc2 0-0 8. Nc3 Re8 9. e4 dxe4 10. Nd2 e5 11. Ncxe4 Bc7 12. Rd1 exd4 13. c5 Ne5 14. Nb3 d3 15. Nxf6+ Qxf6 16. Qc3 Bg4 17. Re1 Nf3+ 18. Bxf3 Qxf3 19. Nd4 Rxe1+ 20. Qxe1 Qd5 21. Be3 Bh3 22. f3 Be5 23. Qf2 Re8 24. Re1 Bxd4 0-1

[Event "North American op 31st"]
[Site "Stillwater"]
[Date "2012.05.28"]
[Round "8"]
[White "Kelly, Joey M"]
[Black "Anderson, Mark C"]
[Result "1/2-1/2"]
[WhiteElo "1799"]
[BlackElo "1851"]
[PlyCount "87"]
[EventDate "2012.05.26"]
[EventType "swiss"]
[EventRounds "8"]
[EventCountry "USA"]
[SourceTitle "CBM 148 Extra"]
[Source "ChessBase"]
[SourceDate "2012.06.22"]
[SourceVersion "1"]
[SourceVersionDate "2012.06.22"]
[SourceQuality "1"]

1. d4 d5 2. c4 c6 3. Nc3 Nf6 4. Bg5 e6 5. e3 Be7 6. Nf3 h6 7. Bh4 Nbd7 8. Bd3 Qc7 9. Rc1 Qa5 10. 0-0 Bd6 11. a3 0-0 12. Qc2 Re8 13. Rfd1 dxc4 14. Bxc4 Nd5 15. Nxd5 exd5 16. Ba2 Nf8 17. Bb1 Bg4 18. Bg3 Qc7 19. b4 a6 20. Qc5 Bxg3 21. hxg3 Re6 22. Qxd5 Qe7 23. Qc4 Rf6 24. d5 Bxf3 25. gxf3 cxd5 26. Qxd5 Re8 27. Be4 Rb6 28. Qc5 Qf6 29. Qc3 Qe7 30. Qc7 Qf6 31. Bxb7 Re7 32. Qc8 Rexb7 33. Rd8 Qe7 34. Rcd1 Rb8 35. Qxb8 Rxb8 36. Rxb8 Kh7 37. Ra8 Ne6 38. Kg2 Qb7 39. Re8 Ng5 40. e4 Qc6 41. Red8 Qf6 42. R8d3 Qe6 43. Rh1 Qf6 44. Rhd1 1/2-1/2

[Event "North American op 31st"]
[Site "Stillwater"]
[Date "2012.05.26"]
[Round "3"]
[White "Kelly, Joey M"]
[Black "Simo, Judit"]
[Result "0-1"]
[WhiteElo "1799"]
[BlackElo "2011"]
[PlyCount "90"]
[EventDate "2012.05.26"]
[EventType "swiss"]
[EventRounds "8"]
[EventCountry "USA"]
[SourceTitle "CBM 148 Extra"]
[Source "ChessBase"]
[SourceDate "2012.06.22"]
[SourceVersion "1"]
[SourceVersionDate "2012.06.22"]
[SourceQuality "1"]

1. d4 Nf6 2. c4 e6 3. Nf3 b6 4. Nc3 Bb7 5. e3 Be7 6. Bd3 d5 7. 0-0 0-0 8. Qe2 c5 9. Rd1 Nbd7 10. b3 Rc8 11. Bb2 Ne4 12. Rac1 Ndf6 13. cxd5 exd5 14. dxc5 Nxc3 15. Bxc3 bxc5 16. Bf5 Rc6 17. Qd2 Ra6 18. Bd3 Rc6 19. Ne5 Rd6 20. Ba5 Qc8 21. Bb4 Qe6 22. Bxc5 Qxe5 23. Bxd6 Bxd6 24. g3 d4 25. Re1 dxe3 26. Rxe3 Qd5 27. Kf1 Ng4 28. Re4 Nxh2+ 29. Kg2 Re8 30. f3 Rxe4 31. fxe4 Qh5 32. Qe2 Qg5 33. Qe1 Ng4 34. Qg1 Qd2+ 35. Kh3 Nf2+ 36. Kh2 Nxd3+ 37. Qg2 Qxg2+ 38. Kxg2 Bxe4+ 39. Kf1 Nxc1 40. a4 Bxg3 41. b4 h5 42. b5 h4 43. a5 h3 44. Kg1 h2+ 45. Kf1 h1Q# 0-1

[Event "Stillwater Thanksgiving op 3rd"]
[Site "Stillwater"]
[Date "2011.11.26"]
[Round "6"]
[White "Kelly, Joey M"]
[Black "Crumpler, Ken"]
[Result "1-0"]
[WhiteElo "1856"]
[BlackElo "1753"]
[PlyCount "73"]
[EventDate "2011.11.25"]
[EventType "swiss"]
[EventRounds "8"]
[EventCountry "USA"]
[SourceTitle "CBM 145 Extra"]
[Source "ChessBase"]
[SourceDate "2012.01.03"]
[SourceVersion "1"]
[SourceVersionDate "2012.01.03"]
[SourceQuality "1"]

1. d4 Nf6 2. Nf3 e6 3. Bg5 h6 4. Bh4 b6 5. Nbd2 Ba6 6. c3 d5 7. Qc2 Nbd7 8. Qa4 Bb7 9. e3 a6 10. Bd3 Be7 11. 0-0 0-0 12. Rfe1 Ne4 13. Bxe7 Qxe7 14. Qc2 Ndf6 15. c4 c5 16. Rac1 Rac8 17. b3 cxd4 18. exd4 Nxd2 19. Qxd2 Ne4 20. Qe2 f5 21. cxd5 exd5 22. Bxa6 Rb8 23. Bxb7 Rxb7 24. Qb5 Ra8 25. Qxd5+ Qf7 26. Qxf7+ Rxf7 27. Rc2 Rd7 28. Kf1 g5 29. Rd1 Kg7 30. Ne5 Rd5 31. f3 Nc5 32. Rdd2 Ne6 33. Nc4 Rc8 34. Nxb6 Rxc2 35. Rxc2 Rxd4 36. Nc4 Nf4 37. Rd2 1-0